Największe pustynie świata-państwa - Statystyki

Ogólne statystyki
  • Ten quiz został rozwiązany 158 razy
  • Średni wynik to 17 z 28
Statystyki odpowiedzi
Pustynia Sahara % Poprawnych
Sahara Algieria
87%
Egipt
69%
Gobi Chiny
68%
Takla Makan Chiny
68%
Czad
66%
Ar-Rab- al-Chali Arabia Saudyjska
64%
Maroko
64%
Mongolia
63%
Jemen
62%
Zjednoczone Emiraty Arabskie
62%
Burkina Faso
61%
Mali
61%
Oman
61%
Sudan
61%
Niger
59%
Tunezja
59%
Erytrea
58%
Libia
58%
Mauretania
57%
Nigeria
57%
Senegal
57%
Południowa Afryka
56%
Gambia
53%
Namibia
53%
Tadżykistan
53%
Kirgistan
52%
Kalahari Botswana
39%
Kazachstan
38%
Nie znaleziono quizów pasujących do podanych kryteriów
Rozkład punktacji
Procent ludzi z każdym wynikiem
Percentyl według liczby udzielonych odpowiedzi
Twoja historia wyników
Nie rozwiązałeś tego quizu